FA Cup Final 23/24 Man Utd - Statistics

General Stats
  • This quiz has been taken 107 times
  • The average score is 13 of 21
Answer Stats
Manchester United % Correct
Goalkeeper Andre Onana
100%
Manager Erik Ten Hag
96%
Striker Bruno Fernandes 1 Assist
95%
Defensive Midfielder Kobbie Mainoo 1 Goal
95%
Winger Alejandro Garnacho 1 Goal
91%
Full Back Diogo Dalot
91%
Centre Back Lisandro Martinez
85%
Winger Marcus Rashford
76%
Centre Back Raphael Varane
71%
Sub Rasmus Hojlund On At 74'
68%
Attacking Midfielder Scott McTominay
59%
Sub Amad
48%
Full Back Aaron Wan-Bissaka
47%
Sub Mason Mount On At 90'
45%
Sub Antony
44%
Sub Victor Lindelof On At 90'
40%
Defensive Midfielder Sofyan Amrabat
37%
Sub Altay Bayindir
36%
Sub Christian Eriksen
31%
Sub Jonny Evans On At 73'
29%
Sub Willy Kambwala
15%
No matching quizzes found
Score Distribution
Percent of People with Each Score
Percentile by Number Answered
Your Score History
You have not taken this quiz